[Event "CZE-ch U16 Girls"]
[Site "Teplice"]
[Date "2023.03.17"]
[Round "8"]
[White "Foldynova, Julie"]
[Black "Seda, Michaela"]
[Result "1/2-1/2"]
[WhiteElo "1100"]
[BlackElo "1610"]
[PlyCount "127"]
[EventDate "2023.03.11"]
[EventType "swiss"]
[EventRounds "9"]
[EventCountry "CZE"]
[SourceTitle "CBM 213 Extra"]
[Source "ChessBase"]
[SourceDate "2023.05.31"]
[SourceVersion "1"]
[SourceVersionDate "2023.05.31"]
[SourceQuality "1"]

1. e4 e6 2. d4 d5 3. exd5 exd5 4. Nf3 Bd6 5. Bd3 Bg4 6. h3 Bh5 7. 0-0 Ne7 8. Re1 c6 9. Bg5 f6 10. Bh4 g5 11. Bg3 Bxg3 12. fxg3 Kf7 13. g4 Bg6 14. c3 Nd7 15. Qe2 Bxd3 16. Qxd3 Ng6 17. g3 Qc7 18. Kg2 h5 19. Rf1 Kg7 20. gxh5 Rxh5 21. Qf5 Rah8 22. Nbd2 g4 23. Qxg4 f5 24. Ng5 fxg4 25. Ne6+ Kg8 26. Nxc7 Rxh3 27. Rh1 Rxh1 28. Rxh1 Rxh1 29. Kxh1 Kf7 30. c4 dxc4 31. Nxc4 Nb6 32. Nxb6 axb6 33. d5 Ke7 34. dxc6 bxc6 35. a4 Kd6 36. Na6 Ne5 37. Kg2 Nc4 38. b4 Nb2 39. a5 bxa5 40. bxa5 Nc4 41. Kf2 Nxa5 42. Ke3 Nc4+ 43. Ke4 Ne5 44. Kf4 Ke6 45. Nc5+ Kd5 46. Ne4 Nd3+ 47. Ke3 Ne5 48. Kf4 Ng6+ 49. Kf5 Kd4 50. Nd6 Ne5 51. Kf4 c5 52. Nf5+ Kd5 53. Ne3+ Kd4 54. Nf5+ Kd5 55. Ne3+ Ke6 56. Nxg4 Nxg4 57. Kxg4 Kd5 58. Kf3 Kd4 59. g4 c4 60. Ke2 c3 61. Kd1 Ke4 62. g5 Kf5 63. Kc2 Kxg5 64. Kxc3 1/2-1/2

[Event "CZE-ch U16 Girls"]
[Site "Luhacovice"]
[Date "2022.03.19"]
[Round "9"]
[White "Seda, Michaela"]
[Black "Markova, Karolina"]
[Result "0-1"]
[WhiteElo "1364"]
[BlackElo "1589"]
[PlyCount "120"]
[EventDate "2022.03.12"]
[EventType "swiss"]
[EventRounds "9"]
[EventCountry "CZE"]
[SourceTitle "EXT 2023"]
[Source "ChessBase"]
[SourceDate "2022.10.05"]
[SourceVersion "1"]
[SourceVersionDate "2022.10.05"]
[SourceQuality "1"]

1. e4 c5 2. Nf3 Nc6 3. d4 cxd4 4. Nxd4 g6 5. Nc3 Bg7 6. Be3 Nf6 7. Be2 d6 8. Qd2 0-0 9. Nxc6 bxc6 10. Bh6 Rb8 11. Bxg7 Kxg7 12. Rb1 Bb7 13. 0-0 e6 14. Rfd1 d5 15. e5 Nd7 16. f4 Qb6+ 17. Kh1 Rfd8 18. Bd3 c5 19. Bb5 d4 20. Bxd7 Rxd7 21. Re1 Rbd8 22. Ne4 Bxe4 23. Rxe4 c4 24. b3 Qc6 25. Rbe1 Qa6 26. bxc4 Qxc4 27. f5 exf5 28. Rh4 h5 29. Rxh5 Rh8 30. Rxh8 Kxh8 31. Rb1 Kg7 32. Qg5 Qe6 33. Rb5 Rc7 34. Qd2 Qc4 35. Rb1 Qxa2 36. Rf1 Qxc2 37. Qxd4 Qc4 38. Qxc4 Rxc4 39. Ra1 a5 40. Kg1 Rc5 41. Re1 a4 42. h3 a3 43. Re2 Ra5 44. Ra2 Kf8 45. Kf2 Ke7 46. Ke3 Ke6 47. Kd4 Ra4+ 48. Kc5 Kxe5 49. Re2+ Kf4 50. Ra2 Kg3 51. Kd5 f4 52. Ke5 f3 53. gxf3 Kxf3 54. Kf6 Ra7 55. Kg5 Ke3 56. h4 Kd3 57. Kg4 Kc3 58. Kf3 Kb3 59. Re2 a2 60. Re3+ Kc4 0-1